[Event "Titled Tuesday intern op 23rd Nov"]
[Site "Chess.com INT"]
[Date "2021.11.23"]
[Round "9"]
[White "Ptacnikova, Lenka"]
[Black "Beulen, Marcel"]
[Result "0-1"]
[WhiteElo "2200"]
[BlackElo "2359"]
[PlyCount "118"]
[EventDate "2021.11.23"]
[EventType "swiss (blitz)"]
[EventRounds "11"]
[EventCountry "USA"]
[SourceTitle "CBM 205 Extra"]
[Source "ChessBase"]
[SourceDate "2022.01.31"]
[SourceVersion "1"]
[SourceVersionDate "2022.01.31"]
[SourceQuality "1"]

1. c4 c6 2. Nf3 d5 3. cxd5 cxd5 4. d4 Nf6 5. Bf4 Nc6 6. Qb3 Na5 7. Qd1 Qb6 8. Qd2 Nc4 9. Qc2 Bf5 10. Qb3 Nxb2 11. Qxb6 axb6 12. Nc3 e6 13. Nb5 Bb4+ 14. Bd2 Bxd2+ 15. Nxd2 Ke7 16. f3 Ra5 17. Nc3 Rc8 18. Rc1 Rc6 19. Nb3 Ra3 20. e4 dxe4 21. Bb5 Nd3+ 22. Kd2 Nxc1 23. Bxc6 bxc6 24. Rxc1 exf3 25. gxf3 Kd6 26. Rg1 g6 27. Rc1 Nd5 28. Ne4+ Bxe4 29. fxe4 Nb4 30. Rf1 f5 31. exf5 gxf5 32. Nc1 Nxa2 33. Nd3 c5 34. dxc5+ bxc5 35. Rb1 Nb4 36. Nxb4 cxb4 37. Rxb4 Ra2+ 38. Ke3 Rxh2 39. Rb5 Ke7 40. Kf4 Kf6 41. Rb6 Rh4+ 42. Kg3 Rg4+ 43. Kf3 h5 44. Rb8 h4 45. Rh8 Ke5 46. Rh7 Ra4 47. Rh8 Ra3+ 48. Kf2 h3 49. Ke2 Ke4 50. Rh4+ f4 51. Rh6 e5 52. Kf2 Ra2+ 53. Kg1 h2+ 54. Kh1 Ke3 55. Re6 Ra1+ 56. Kxh2 e4 57. Kg2 Ra2+ 58. Kf1 Kf3 59. Rh6 Ra1# 0-1

[Event "Titled Tuesday intern op 16th Nov"]
[Site "Chess.com INT"]
[Date "2021.11.16"]
[Round "6"]
[White "Beulen, Marcel"]
[Black "Baches Garcia, Guillermo"]
[Result "1/2-1/2"]
[WhiteElo "2359"]
[BlackElo "2329"]
[PlyCount "28"]
[EventDate "2021.11.16"]
[EventType "swiss (blitz)"]
[EventRounds "11"]
[EventCountry "USA"]
[SourceTitle "CBM 205 Extra"]
[Source "ChessBase"]
[SourceDate "2022.01.31"]
[SourceVersion "1"]
[SourceVersionDate "2022.01.31"]
[SourceQuality "1"]

1. e4 c5 2. Nf3 d6 3. Bc4 Nf6 4. d3 e6 5. Bb3 Be7 6. 0-0 0-0 7. c3 b6 8. Nbd2 Bb7 9. Re1 Nc6 10. a3 a5 11. d4 cxd4 12. cxd4 b5 13. d5 exd5 14. exd5 Ne5 1/2-1/2